000 00281nam a22000857a 4500
008 131104b xxu||||| |||| 00| 0 eng d
020 _a0070507813
_cAvailable
245 _aSoftware Engineering:A Practitioners" Approach
_cPressman Roger S
260 _aNew York
_bMcGraw-Hill Book Company
_c1982
999 _c23493
_d23493